K voprosu rasšifrovki cikla razvitija Porrocaecum heteroura (Ascaridata, Anisakidae)

Bibliographic Details
Main Authors: Bišajeva, L. (Author), Mozgovoj, A. (Author)
Format: Article
Language:Slovak
Russian

MARC

LEADER 00000nab a2200000ua 4500
001 vtls010767264
003 SK-MaSNL
005 20260304203504.0
008 250718s1959 xo |||||||||||||||||slo|
035 |a (urnnbn)urn:nbn:sk:snk:ar-a05sp4 
035 |a (uuid)7762991a-9892-4a7c-8c44-3e75a511cd61 
035 |a urn:nbn:sk:snk-ab4v1z 
040 |a SNKBUCL  |b slo  |c SNKBUCL  |e AACR2 
041 0 |a rus 
044 |a xo  |c SK 
100 1 |a Bišajeva, L.  |4 aut  |9 1536170 
245 1 0 |a K voprosu rasšifrovki cikla razvitija Porrocaecum heteroura (Ascaridata, Anisakidae)  |c L. Bišajeva, A. Mozgovoj 
700 1 |a Mozgovoj, A.  |4 aut  |9 1536171 
773 0 |t Helminthologia  |g Roč. 1, č. 1-4 (1959), s. 195-197 
850 |a Slovenská národná knižnica 
852 |a Slovenská národná knižnica 
958 |a article3 
958 |a OND 
958 |a EUIPO 
999 |c 3110010  |d 3111940